000
00260nam a2200097Ia 4500
001
683241
005
20250826161434.0
008
250824s9999 xx 000 0 und d
245
0
_a
ÇANAKKALE HER ŞEY YANIP GÜL OLDU
_c
NURULLAH GENÇ
260
_b
TİMAŞ YAYINLARI
999
_c
683241
_d
683241